Score 0/16 Timer 02:00
0 Plays Today
One and... the other % Correct
____ and EveAdam
97.4%
____ and OmegaAlpha
90.4%
Cain and ____Abel
87.9%
Bow and ____Arrow
78.5%
____ and CostelloAbbott
78.2%
____ and CleopatraAntony
73.2%
Amos and ____Andy
58.2%
____ and BatteryAssault
50.4%
One and... the other % Correct
Aid and ____Abet
47.7%
____ and BaseAcid
46.2%
Edith and ____Archie
40.9%
Kate and ____Allie
40.1%
Buffy and ____Angel
35.6%
Burns and ____Allen
35.4%
____ and FrazierAli
29.9%
Belushi and ____Aykroyd
29.7%

Today's Daily Dose

Remove Ads.
Support Sporcle.
Get the best of Sporcle when you Go Orange. This ad-free experience offers more features, more stats, and more fun while also helping to support Sporcle. Thank you for becoming a member.

You're not logged in!

Compare scores with friends on all Sporcle quizzes.
OR
Log In

Show Comments

Extras

Top Quizzes Today


Score Distribution

Your Account Isn't Verified!

In order to create a playlist on Sporcle, you need to verify the email address you used during registration. Go to your Sporcle Settings to finish the process.

Report this User

Report this user for behavior that violates our Community Guidelines.

Details: